| 000 | 01256cab a2200445 4500 | ||
|---|---|---|---|
| 001 | ABS49953 | ||
| 008 | 090401t1994 xxu||||| |||| 00| 0 eng d | ||
| 035 | _a(Sirsi) u73459 | ||
| 041 | _aeng | ||
| 100 | _aFleming, D. | ||
| 245 | _aHarvest of green tape | ||
| 260 | _c1994 | ||
| 350 | _a0 | ||
| 490 |
_aCountry Life _v288(2) 13 January 1994, 46-47(2) |
||
| 520 | _aSummarises the grants available for the creation and management of landscape features on farmland. | ||
| 650 | _aBRACKEN | ||
| 650 | _aCOUNTRYSIDE COMMISSION | ||
| 650 | _aCOUNTRYSIDE STEWARDSHIP SCHEME | ||
| 650 | _aDRY STONE WALLS | ||
| 650 | _aENGLISH HERITAGE | ||
| 650 | _aENGLISH NATURE | ||
| 650 | _aENVIRONMENTALLY SENSITIVE AREAS | ||
| 650 | _aFARM AND CONSERVATION GRANT SCHEME | ||
| 650 | _aFARM WOODLAND PREMIUM SCHEME | ||
| 650 | _aFORESTRY COMMISSION | ||
| 650 | _aHEATHLAND | ||
| 650 | _aHEDGEROW INCENTIVE SCHEME | ||
| 650 | _aHEDGEROWS | ||
| 650 | _aLANDSCAPE CONSERVATION GRANTS | ||
| 650 | _aLANDSCAPE CONSERVATION | ||
| 650 | _aMEADOWS | ||
| 650 | _aORCHARDS | ||
| 650 | _aPONDS | ||
| 650 | _aSET ASIDE | ||
| 650 | _aWOODLANDS | ||
| 690 | _aCONSERVATION | ||
| 690 | _aRURAL PRACTICE | ||
| 942 | _n0 | ||
| 948 | _c04/03/1997 | ||
| 999 |
_c46433 _d46433 |
||